Library of the University of Algiers 3
Ibrahim Sultan Cheibout
شعار جامعة الجزائر 3
مكتبة جامعة الجزائر 3
إبراهيم سلطان شيبوط

تحليل و نقد القوائم المالية (ك3) / (رقم التسجيلة. 46360)

تفاصيل مارك
000 -LEADER
fixed length control field 01844nam a2200205Ia 4500
003 - CONTROL NUMBER IDENTIFIER
control field Ost
005 - DATE AND TIME OF LATEST TRANSACTION
control field 20260507075804.0
008 - FIXED-LENGTH DATA ELEMENTS--GENERAL INFORMATION
fixed length control field 260507s9999||||xx |||||||||||||| ||und||
020 ## - INTERNATIONAL STANDARD BOOK NUMBER
International Standard Book Number 9772231549
040 ## - CATALOGING SOURCE
Transcribing agency fsecg
041 ## - LANGUAGE CODE
Language code of text/sound track or separate title ara
100 ## - MAIN ENTRY--PERSONAL NAME
Personal name عوض الله، عبد المنعم
Relator term مؤلف
245 #0 - TITLE STATEMENT
Title تحليل و نقد القوائم المالية (ك3) /
Statement of responsibility, etc. عبد المنعم عوض الله
260 ## - PUBLICATION, DISTRIBUTION, ETC.
Place of publication, distribution, etc. القاهرة:
Name of publisher, distributor, etc. مطبعة مركز التعليم المفتوح,
Date of publication, distribution, etc. 1993
300 ## - PHYSICAL DESCRIPTION
Extent 292 صفحة؛
Other physical details إيضاحات ؛
Dimensions 24 سم
520 ## - SUMMARY, ETC.
Summary, etc. الدورة العامة للمحاسبة عند إعداد القوائم المالية، ماهية القوائم المالية و الدورة الخاصة لاعدادها، معايير المحاسبة وارتباطها بالقوائم المالية، الافصاح في القوائم المالية، إعداد القوائم المالية لاغراض التفسير والنقد و التحليل، المحاسبة عن التدفقات النقدية، قوائم التدفقات النقدية لأغراض تحليل القوائم المالية، قائمة مصادر الأموال و استخدامها-تطوير وتحليل نقد، إعداد الصور المبسطة لقائمة حركة رأس المال العامل ومصادرها واستخدامها، قائمة حركة رأس المال العامل ومصادرها واستخدامها، إعداد وتحليل قوائم التدفقات النقدية الفعلية و الاعتبارية، اعداد وتحليل ونقد النسب العامة لبنود قوائم الدخل للمبيعات
700 ## - ADDED ENTRY--PERSONAL NAME
Personal name حجازي، محمد عبد العزيز
Relator term مؤلف ثانوي
700 ## - ADDED ENTRY--PERSONAL NAME
Personal name حمدي، محمود عباس
Relator term مؤلف ثانوي
942 ## - ADDED ENTRY ELEMENTS (KOHA)
Koha item type كتب
المقتنيات
Withdrawn status Lost status Source of classification or shelving scheme Damaged status Not for loan Home library Current library Date acquired Serial enumeration / chronology Inventory number Total checkouts Full call number Barcode Date last seen Price effective from Koha item type
    Library of Congress Classification   NOT LOAN / إعارة داخلية مكتبة كلية العلوم الإقتصادية والعلوم التجارية وعلوم التسيير مكتبة كلية العلوم الإقتصادية والعلوم التجارية وعلوم التسيير 07/05/2026 الطابق الأرضي 1649/3/1   أ/1649ك3ن1 1649/3/1 07/05/2026 07/05/2026 كتب
    Dewey Decimal Classification   Available مكتبة كلية العلوم الإقتصادية والعلوم التجارية وعلوم التسيير مكتبة كلية العلوم الإقتصادية والعلوم التجارية وعلوم التسيير 07/05/2026 الطابق الأرضي 1649/3/2   أ/1649ك3ن2 1649/3/2 07/05/2026 07/05/2026 كتب
    Dewey Decimal Classification   Available مكتبة كلية العلوم الإقتصادية والعلوم التجارية وعلوم التسيير مكتبة كلية العلوم الإقتصادية والعلوم التجارية وعلوم التسيير 07/05/2026 الطابق الثاني 1649/3/3   أ/1649ك3ن3 1649/3/3 07/05/2026 07/05/2026 كتب

موارد الويب المفتوحة


© University of Algiers 3 All Rights Reserved
|
Implemented by LECHELAH Riad